000 01002nas a2200229 i 4500
001 768714001
003 CO-MdFUSB
005 20240813144217.0
008 240813t1923 cr ||||| |||| 00| 0 eng d
040 _bspa
_cCO-MdFUSB
_dCO-MdFUSB
041 _aeng
100 _aStrachan, H.,
_eautor
245 1 _aMedellín :
_bthe hermit city
_c/ H. Strachan
520 _aPara Strachan Medellín presentó mucha dificultad para la obra misionera, porque estuvo casi tan herméticamente cerrada, en lo que se refiere al permiso para usar los salones públicos y la asistencia de personas ajenas a las reuniones de predicación.
546 _aTexto en inglés.
650 0 _aEvangelización
_9362
650 0 _aMisiones
_9154
650 7 _aAntropología cultural y social
_96714
773 0 _070761
_982937
_oR2741
_tLatin America Mission
_w(CO-MdFUSB)768714001
_gVolumen 2, (número 7, 1923), páginas: 10 - 11 ; 15 - 16
_qpágina: 10
942 _cANA
945 _aCatherine Arias Álvarez - Practicante SENA
999 _c70798
_d70798